000 00509nam a22002177a 4500
003 UA-OsUOA
001 52654
007 ta
008 20080227b un ||||| |||| 00| 0 ukr d
100 _aЧайка І.
090 _a2
_bЧ-12
942 _cSA
040 _aUA-OsUOA
_bukr
_cUA-OsUOA
_dUA-OsUOA
245 _aШедевр українського бароко
300 _aС.8
955 _a0
041 _aukr
080 _a2
773 0 _w52653
650 7 _a2 Релігія. Теологія.
_2UDC
999 _c338742
_d338742